La obra forma de la Tierra
I tiakina i:
| Kaituhi matua: | |
|---|---|
| Hōputu: | Pukapuka |
| Reo: | Pāniora |
| I whakaputaina: |
Madrid
Instituto Arias Montano
1956
|
| Rangatū: | Consejo Superior de Investigaciones Científicas. Instituto Arias Montano, Serie D, 5
|
| Ngā marau: | |
| Ngā Tūtohu: |
Tāpirihia he Tūtohu
Kāore He Tūtohu, Me noho koe te mea tuatahi ki te tūtohu i tēnei pūkete!
|
MARC
| LEADER | 00000nam a2200000 a 4500 | ||
|---|---|---|---|
| 001 | UCT3761 | ||
| 003 | CL-VaPUC | ||
| 008 | 961031e19560000SP |||||||||||||||||spa|d | ||
| 082 | 0 | 4 | |a 525 |b HIY |2 21 |
| 100 | 0 | |a Hiyya Ha-Bargeloni, R. Abraham |e author |9 372775 | |
| 245 | 1 | 3 | |a La obra forma de la Tierra |
| 300 | |a 126 p | ||
| 942 | |c BK | ||
| 945 | |d 19961031 00:00:00 |a cmena | ||
| 260 | |a Madrid |b Instituto Arias Montano |c 1956 | ||
| 600 | 0 | 7 | |a TIERRA |2 CL-VaPUC |9 369814 |
| 650 | 7 | |a PLANETAS |2 CL-VaPUC |9 352277 | |
| 650 | 0 | |a Geografía física |9 259347 | |
| 650 | 7 | |a CUERPOS CELESTES |2 CL-VaPUC |9 310384 | |
| 650 | 0 | |a Geofísica |9 261453 | |
| 650 | 0 | |a Geología |9 260984 | |
| 583 | |a last modification |c 19961031 00:00:00 |k Rodrigo Vera | ||
| 490 | 0 | |a Consejo Superior de Investigaciones Científicas. Instituto Arias Montano, Serie D, 5 | |
| 999 | |c 253305 |d 253303 | ||